00417nam a22001577a 450000500170000001000150001702000250003203500130005703700130007008200060008310000230008924500460011226000390015827000400019730000220023720130611144432.0 aENG-107549 a9788122201352c80.00 aEN-91082 bDBAD/PUB aN aMarkandaya, Kamala aA handful of rice /cby Kamala Markandaya aNew DelhibOrient Paperbacksc1985 a5A/8 Ansari RoadbNew Delhie110002 a237p. c18cm(pbk)